| 000 | 00604nam a2200241 a 4500 | ||
|---|---|---|---|
| 001 | nice12345678 | ||
| 003 | IN_TiNIC | ||
| 005 | 20260116011308.0 | ||
| 008 | 050524s1905 cala grp 000 0 eng | ||
| 020 |
_a _c100 |
||
| 082 | 0 | 0 |
_a915.404 _bTAV |
| 100 | _aTavernier, Jean Baptiste | ||
| 245 | _aTavernier`s Travels in India | ||
| 260 |
_aCalcutta _bBangabasi Offic _c1905 |
||
| 300 | _a506p | ||
| 500 | _aincludes index and biblioraphy | ||
| 505 | 2 | _aIndex | |
| 650 | _aIndia-Travel and Description | ||
| 700 | 1 | _aTavernier, Jean Baptiste | |
| 902 | _bSRS | ||
| 942 | _cBK | ||
| 999 |
_c259 _d259 |
||